Describtion of Financial Strategy of the Company in Competitive Conditions in the Market

Gespeichert in:
Bibliographische Detailangaben
1. Verfasser: Potoma, Radoslav, 1992-
Format: Buchkapitel
Sprache:Englisch
Schlagworte:
Tags: Tag hinzufügen
Keine Tags, Fügen Sie das erste Tag hinzu!

MARC

LEADER 00000naa$a2200000$$$4500
001 0268187
005 20240502074215.7
041 0 |a eng 
044 |a SK 
245 1 0 |a Describtion of Financial Strategy of the Company in Competitive Conditions in the Market  |c Radoslav Potoma 
500 |a abstrakt 
610 2 0 |a stratégia marketingová 
610 2 0 |a stratégia obchodná 
610 2 0 |a ciele podnikové 
610 2 0 |a podnik 
610 2 0 |a konkurencia 
100 1 |a Potoma, Radoslav, 1992-